U.S. States with the Largest Populations of Basques - Statistics

General Stats
  • This quiz has been taken 98 times
  • The average score is 8 of 10
Answer Stats
Rank Basque Population Answer % Correct
1 20,868 California
99%
7 1,691 Texas
91%
4 2,665 Washington
87%
6 2,127 Florida
86%
9 1,655 Arizona
83%
5 2,627 Oregon
83%
2 6,637 Idaho
80%
8 1,674 Colorado
78%
3 6,096 Nevada
78%
10 1,361 Utah
76%
No matching quizzes found
Score Distribution
Percent of People with Each Score
Percentile by Number Answered
Your Score History
You have not taken this quiz